000 00520nam a22001817a 4500
999 _c12326
_d12326
008 221228b 2016 ||||| |||| 00| 0 eng d
020 _a8174090681
082 _bPRA
_a620.1
100 _aPrasad, I. B.
245 _aA text book of applied mechanics dynamics & statics
250 _a19th ed.
260 _aNew Delhi
_bKhanna Publishers
_c2016
300 _axv, 1276p.
650 _aForce and its characteristics
650 _aResultant and components
650 _aLaw of parallelogram of forces
942 _cGB